| 000 | 01298nam a22003377i 4500 | ||
|---|---|---|---|
| 003 | DO-SdBNP | ||
| 005 | 20240910145827.0 | ||
| 007 | ta | ||
| 008 | 210902b 2018 dr 00| 0 eng d | ||
| 020 | _a9789945897852 | ||
| 040 |
_aDO-SdBNP _bspa _cBNPHU _erda |
||
| 082 | 4 |
_a341 _bA473d _222 |
|
| 100 | 1 |
_aAybar Álvarez, Ambrosio, _eautor _d1910-2004 _979707 _4aut. |
|
| 245 | 1 |
_aDerecho internacional y derechos humanos : _breflexiones de dos generaciones 1955-2016 / _cAmbrosio Álvarez Aybar, Roberto Álvarez Gil ; prólogo Jean Michel Arrighi |
|
| 250 | _aPrimera edición | ||
| 264 | 4 |
_aSanto Domingo : _bUNPHU, _c©2018. |
|
| 300 |
_a333 páginas : _bilustraciones ; _c23 cm. |
||
| 336 |
_ardacontent _btexto _2txt |
||
| 337 |
_ardamedia _bsin mediación _2n |
||
| 338 |
_2rdacarrier _avolumen _bnc |
||
| 500 | _aIncluye índice onomástico | ||
| 500 | _aIncluye referencias bibliográficas y notas al pie de las páginas | ||
| 590 | _aInventariado, 2021/BT | ||
| 650 | 7 |
_aDerecho internacional _2LEMB _93258 |
|
| 650 | 7 |
_aDerechos humanos _2LEMB _9658 |
|
| 700 | 1 |
_aÁlvarez Gil, Roberto, _eprologuista _4pr. _979708 |
|
| 700 | 1 |
_aArrichi, Jean Michel, _eprologuista _4pr. _979709 |
|
| 710 | 2 |
_aUniversidad Nacional Pedro Henríquez Ureña _983980 |
|
| 910 | _aBtavárez | ||
| 942 |
_2ddc _cLBS1 |
||
| 999 |
_c50380 _d50380 |
||